000
00260nam a2200097Ia 4500
001
1154250
005
20250827011140.0
008
250824s9999 xx 000 0 und d
245
0
_a
KENDİ KENDİNİN GADİYANI OLMA
_c
SANAL KLİNİK
260
_b
DESTEK YAYINLARI
999
_c
1154250
_d
1154250